000 00915nam a2200289 i 4500
001 bg
100 1 _aBIJOK, Barbara.
245 1 0 _aSurowce i technologia żywności.
_nCz. 2 /
_cBarbara Bijok, Franciszek Bijok, Aleksander Dąbek.
250 _aWyd. 8.
260 _aWarszawa :
_bWydawnictwa Szkolne i Pedagogiczne,
_c1999.
300 _a311, [2] s. :
_brys. ;
_c21 cm.
504 _aBibliogr. s. [313].
521 _aPodręcznik dla liceum zawodowego, kl. II i III.
650 9 _aŻywność
_xtechnologia
655 _aPodręczniki dla szkół zawodowych
700 1 _aBIJOK, Franciszek.
700 1 _aDĄBEK, Aleksander.
020 _a8302036013 (cz. 2)
020 _a8302036021 (całość)
040 _cBPK
041 0 _apl
080 _a664+63](075.3)
920 _a83-02-03601-3 (cz. 2)
920 _a83-02-03602-1 (całość)
942 _cKS
008 s pl f |000 0 pol
999 _c36072
_d36072
856 _uhttp://koha.tu.koszalin.pl/cgi-bin/koha/opac-detail.pl?biblionumber=36072
_yKatalog online BPK